00979nam a2200241Ia 4500001000700000003000500007008004100012010001100053020003400064040000900098082001500107100002400122245016700146250001200313260005500325300001600380500007900396503005400475504003900529650002100568650003700589700011100626Z_6076CHAP220113sc199 xx 000 0 und d a169306 a968-880-950-0 / 0-13-300195-4 cCHAP a658.15 V36 aVan Horne, James C. aAdministración financiera /cJames C. Van Horne ; traducción Adolfo Deras Quiñones, Adolfo Deras Escobedo ; revisión técnica Claudia Gallegos Seegrove. a10a ed. aMéxico :bPrentice-Hall Hispanoamericana,cc199 axix, 858 p. aTraducido de la obra en inglés: Financial management and policy, 10a ed. aej.1: Donado por la Profa. Maldonado Simán, Ema aIncluye bibliografías e índice aAdministración aSociedades anónimasxFinanzas  aI. Deras Quiñones, Adolfo, tr. II. Deras Escobedo, Adolfo, tr. III. Gallegos Seegrove, Claudia, rev.tec.